Los gallinazos sin plumas

Gespeichert in:
Bibliographische Detailangaben
Format: Buch
Sprache:Spanisch
Veröffentlicht: Santiago Quimantu 1973
Schriftenreihe:Minilibros, 36
Schlagworte:
Tags: Tag hinzufügen
Keine Tags, Fügen Sie den ersten Tag hinzu!

MARC

LEADER 00000nam a2200000 a 4500
001 UCX9438
003 CL-VaPUC
008 940607e19730000CL |||||||||||||||||spa|d
082 0 4 |a Pe863  |b GAL  |2 21 
245 1 4 |a Los gallinazos sin plumas 
300 |a 137 p 
942 |c BK 
945 |d 19940607 00:00:00  |a oaravena 
260 |a Santiago  |b Quimantu  |c 1973 
650 0 |a Cuentos peruanos  |9 317609 
583 |a last modification  |c 19940607 00:00:00  |k Rodrigo Vera 
490 0 |a Minilibros, 36 
999 |c 228674  |d 228672 
952 |0 0  |1 0  |4 0  |6 PE_863_000000000000000_GAL_1973  |7 0  |8 A  |9 228992  |a BIBEDU  |b BIBEDU  |d 2019-11-15  |i 2968940  |o Pe863 GAL 1973  |p 2968940  |r 2019-11-15  |w 2019-11-15  |y BK  |k LIT